Modern house / (Record no. 607758)

000 -LEADER
fixed length control field 00972cam a22003137a 4500
001 - CONTROL NUMBER
control field 14582559
005 - DATE AND TIME OF LATEST TRANSACTION
control field 20260212092822.0
008 - FIXED-LENGTH DATA ELEMENTS--GENERAL INFORMATION
fixed length control field 061004r20062005enka b 001 0 eng d
010 ## - LIBRARY OF CONGRESS CONTROL NUMBER
LC control number 2006283958
015 ## - NATIONAL BIBLIOGRAPHY NUMBER
National bibliography number GBA637546
Source bnb
016 7# - NATIONAL BIBLIOGRAPHIC AGENCY CONTROL NUMBER
Record control number 013438434
Source Uk
020 ## - INTERNATIONAL STANDARD BOOK NUMBER
International Standard Book Number 0714846287 (pbk.)
035 ## - SYSTEM CONTROL NUMBER
System control number (OCoLC)ocm65470287
040 ## - CATALOGING SOURCE
Original cataloging agency UKM
Transcribing agency UKM
Modifying agency BAKER
-- DLC
042 ## - AUTHENTICATION CODE
Authentication code lccopycat
050 00 - LIBRARY OF CONGRESS CALL NUMBER
Classification number NA680
Item number .B345 2006
082 04 - DEWEY DECIMAL CLASSIFICATION NUMBER
Classification number 728
Edition number 22
Author Mark BAR
100 1# - MAIN ENTRY--PERSONAL NAME
Personal name Welsh,John
9 (RLIN) 120509
245 10 - TITLE STATEMENT
Title Modern house /
Statement of responsibility, etc. John Welsh.
260 ## - PUBLICATION, DISTRIBUTION, ETC.
Place of publication, distribution, etc. London :
Name of publisher, distributor, etc. Phaidon,
Date of publication, distribution, etc. 2006.
300 ## - PHYSICAL DESCRIPTION
Extent 240 p. :
Other physical details ill. (chiefly col.) ;
Dimensions 29 cm.
500 ## - GENERAL NOTE
General note Originally published: 2005.
504 ## - BIBLIOGRAPHY, ETC. NOTE
Bibliography, etc. note Includes bibliographical references and index.
650 #0 - SUBJECT ADDED ENTRY--TOPICAL TERM
Topical term or geographic name entry element Architecture, Modern
Chronological subdivision 20th century.
650 #0 - SUBJECT ADDED ENTRY--TOPICAL TERM
Topical term or geographic name entry element Architecture, Domestic.
906 ## - LOCAL DATA ELEMENT F, LDF (RLIN)
a 7
b cbc
c copycat
d 2
e ncip
f 20
g y-gencatlg
942 ## - ADDED ENTRY ELEMENTS (KOHA)
Source of classification or shelving scheme
Koha item type Book
Holdings
Withdrawn status Lost status Source of classification or shelving scheme Damaged status Not for loan Permanent Location Current Location Date acquired Source of acquisition Full call number Barcode Date last seen Cost, replacement price Price effective from Koha item type
          School of Art Design and Architecture (SADA) School of Art Design and Architecture (SADA) 01/05/2017 S.A.Rehman 728 WEL 2006 SADA0002675 02/15/2024 1132.17 02/15/2024 Book
© 2023 Central Library, National University of Sciences and Technology. All Rights Reserved.